| LEADER |
00770nam0a2200205 450 |
| 001 |
16848321 |
| 010 |
|
|
|a 978-2-36220-097-7
|b br.
|d 12,5
|
| 100 |
|
|
|a 20240228d2024 u u0frey01 ba
|
| 101 |
0 |
|
|a fre
|
| 102 |
|
|
|a FR
|
| 200 |
0 |
|
|a Willy Ronis
|e 100 photos pour la liberté de la presse
|
| 207 |
|
1 |
|a
|
| 210 |
|
|
|a Paris
|c Reporters sans frontières
|d 2024
|
| 215 |
|
|
|a 1 vol. (142 p.)
|c illustrations en noir et blanc
|d 29 x 21 cm
|
| 225 |
1 |
|
|a Pour la liberté de la presse
|v 75
|
| 330 |
|
|
|a Une sélection de clichés réalisés par le photographe Willy Ronis. Electre 2024
|
| 700 |
|
0 |
|a Ronis
|b Willy
|4 600
|
| 900 |
|
|
|a Documentaire
|
| 901 |
|
|
|a Accessible au prêt
|
| 995 |
|
|
|a Bibliothèque
|c Bibliothèque
|f 00156012440228
|h 00156012440228
|k 779 RON
|o p
|q a
|r az
|e Bibliothèque
|